[Event "NED-ch U14 op"]
[Site "Borne"]
[Date "2013.08.05"]
[Round "1"]
[White "Luttikhuis, Thijs"]
[Black "Beukema, Christiaan"]
[Result "1-0"]
[WhiteElo "576"]
[BlackElo "1311"]
[PlyCount "96"]
[EventDate "2013.08.05"]
[EventType "swiss"]
[EventRounds "9"]
[EventCountry "NED"]
[SourceTitle "EXT 2015"]
[Source "ChessBase"]
[SourceDate "2014.11.20"]
[SourceVersion "1"]
[SourceVersionDate "2014.11.20"]
[SourceQuality "1"]

1. e4 e5 2. Nf3 Nf6 3. Nc3 Bc5 4. Bc4 Nc6 5. d3 d6 6. Bg5 Be6 7. 0-0 h6 8. Bxf6 Qxf6 9. Bxe6 Qxe6 10. Nd5 0-0-0 11. c3 g5 12. b4 g4 13. bxc5 gxf3 14. Qxf3 dxc5 15. a4 Rhg8 16. a5 Ne7 17. c4 Ng6 18. Qf6 Qxf6 19. Nxf6 Rg7 20. Nh5 Rgg8 21. a6 b6 22. Rfd1 Nh4 23. g3 Nf3+ 24. Kg2 Nd4 25. Ra2 Rd6 26. f4 exf4 27. Nxf4 c6 28. e5 Rd7 29. Re1 Ne6 30. Nxe6 fxe6 31. Rf1 Rxd3 32. Rf6 h5 33. Raf2 Rgd8 34. Rxe6 Rd2 35. Rxc6+ Kb8 36. e6 Rc8 37. e7 Re8 38. Re6 Kc7 39. Kf3 Rxf2+ 40. Kxf2 Kd7 41. Re5 Rxe7 42. Rxh5 Rf7+ 43. Ke3 Re7+ 44. Kf4 Rf7+ 45. Ke5 b5 46. cxb5 Re7+ 47. Kf5 Kc7 48. Kf6 Kc8 1-0